Statystyki dla 15 najbardziej dotkniętych krajów Covid-19 - 8 grudnia 2021

Kliknij tutaj aby rozwiązać quiz!

Ogólne statystyki

  • Ten quiz został rozwiązany 23 razy
  • Średni wynik to 12 z 28

Statystyki odpowiedzi

kraj% Poprawnych
Stany Zjednoczone
95%
Rosja
86%
Wielka Brytania
82%
Włochy
82%
Niemcy
77%
Francja
73%
Hiszpania
73%
Indie
68%
Brazylia
59%
Meksyk
59%
Czechy
50%
Argentyna
41%
Turcja
41%
Holandia
36%
Słowacja
36%
Belgia
32%
Iran
32%
Indonezja
27%
Chorwacja
23%
Kolumbia
23%
Litwa
23%
Łotwa
23%
Serbia
23%
Słowenia
23%
Estonia
18%
Izrael
18%
Bahrajn
5%
Gruzja
5%

Rozkład punktacji

Percentyl według liczby udzielonych odpowiedzi

Procent ludzi z każdym wynikiem

Twoja historia wyników

Nie rozwiązałeś tego quizu